000 00414nam a22001457a 4500
003 CO-ViMGA
008 180413b ||||| |||| 00| 0 eng d
020 _a9781474887731
040 _aCO-ViMGA
_bspa
_cCO-ViMGA
082 0 4 _aI863.6
_bM35h1
245 1 0 _aEl hombrecito de mazapan
_bLibro con 10 sonidos /
260 _aNew York
_bParragon books Ltd
_c2017
300 _a10 p
_bIlustraciones a color
942 _2ddc
_cBK
999 _c37002
_d37002